| 000 | 00596nam a22002057a 4500 | ||
|---|---|---|---|
| 005 | 20251108165859.0 | ||
| 008 | 250721s1999 xx 000 0 ara d | ||
| 082 | 1 | 4 | _a218.51/قرن |
| 100 | 1 | _aالقرني، عائض بن عبد الله | |
| 245 | 1 | 0 | _aلا تحزن / |
| 246 | 1 | 1 | _adon't be sad |
| 250 | _aط3 | ||
| 264 | 1 |
_aبيروت : _bدار ابن جزم للنشر و التوزيع، _c1999. |
|
| 300 | _a508ص | ||
| 500 | _aترجم الى الإنجليزية | ||
| 650 | 1 | 7 | _aالإسلام |
| 650 | 1 | 7 | _aالوعظ و الإرشاد |
| 942 |
_2ddc _cBK |
||
| 999 |
_c33747 _d33747 |
||